000 00531nam a22001937a 4500
008 151002b xxu||||| |||| 00| 0 eng d
020 _a0618214178
041 0 _aeng
080 _a336
100 1 _aGarman, E. Thomas.
245 1 0 _aPersonal finance /
_cE. Thomas Garman, Raymond E. Forgue.
250 _a7th ed.
260 _aBoston :
_bHoughton Mifflin,
_c2003.
300 _axxxii, 566, [38] f. :
_bme il.;
_c26 cm.
650 0 _aFinanca Personale
650 0 _aInvestimet
700 1 _aForgue, Raymond E.
942 _2udc
_cBK
999 _c1222
_d1222